000 00198nam a2200097 4500
082 _aKHA
100 _aKhan, G.A
245 _aChemistry Part 2
260 _aLahore:
_bJadeed Book,
_c1979.
942 _cBK
999 _c13170
_d13170